header

Making magazines (Record no. 114300)

MARC details
000 -LEADER
fixed length control field 01746nam a2200457 a 4500
245 00 - TITLE STATEMENT
Title Making magazines
250 ## - EDITION STATEMENT
Edition statement 1st ed.
260 ## - PUBLICATION, DISTRIBUTION, ETC. (IMPRINT)
Place of publication New York :
Name of publisher Princeton Architectural Press :
-- American Institute of Graphic Arts New York Chapter,
Year of publication 2007.
300 ## - PHYSICAL DESCRIPTION
Number of Pages 127 p. :
Other physical details col. ill.
500 ## - GENERAL NOTE
General note Contributors: Lisa Farjam, David Haskell, Tod Lippy. Moderator: James Truman.
650 #0 - SUBJECT ADDED ENTRY--TOPICAL TERM
Topical Term Magazine design.
Topical Term Graphic arts.
Topical Term Designers
Topical Term Periodicals
700 1# - ADDED ENTRY--PERSONAL NAME
Personal name Farjam, Lisa.
Personal name Haskell, David.
Personal name Lippy, Tod.
Personal name Truman, James.
856 40 - ELECTRONIC LOCATION AND ACCESS
Uniform Resource Identifier http://site.ebrary.com/lib/rucke/Doc?id=10470262

No items available.

© 2026 Rongo University
Contact us: librarian | system librarian | Rongo university